| 000 | 00000nam 2200000za 4500 |
| 001 | 9.644168 |
| 003 | CaOODSP |
| 005 | 20221107134354 |
| 007 | cr ||||||||||| |
| 008 | 150407s1955||||xxcao|||o f000 0 fre d |
| 040 | |aCaOODSP|bfre |
| 043 | |an-cn--- |
| 086 | 1 |aA43-940/1955F-PDF |
| 100 | 1 |aTwinn, C. R. |
| 245 | 13|aLa répression des mouches noires au Canada |h[ressource électronique] / |cpar C.R. Twinn and D.G. Peterson. |
| 260 | |aOttawa : |bMinistère de l'agriculture du Canada : |bServices des sciences, Division de l'entomologie, |c1955. |
| 300 | |a12 p. : |bill. |
| 500 | |a« Traduit de l'anglais »--p. 12. |
| 500 | |aPublié aussi en anglais sous le titre : Control of black flies in Canada. |
| 500 | |aPublication historique numérisée par Agriculture et Agroalimentaire Canada. |
| 590 | |a15-02-Supp|b2015-02-16 |
| 700 | 1 |aPeterson, D. G. |
| 710 | 1 |aCanada. |bMinistère de l'agriculture. |
| 710 | 1 |aCanada. |bDivision de l'entomologie. |
| 775 | 08|tControl of black flies in Canada |w(CaOODSP)9.700270 |
| 856 | 40|ahttp://publications.gc.ca|qPDF|s1250 Ko|uhttps://publications.gc.ca/collections/collection_2015/aac-aafc/A43-940-1955-fra.pdf |
| 986 | |aPublicattion 940 |